Paesi più vicini alla Costa Rica - Morte improvvisa - Statistics

Statistiche generali
  • Questo quiz è stato fatto 22 volte
  • Il punteggio medio è 6 su 15
Answers on the Grid
Answers color-coded by a green-red scale on the quiz's grid according to % correct below.
Nicaragua
Panama
Honduras
Colombia
El Salvador
Guatemala
Belize
Ecuador
Messico
Giamaica
Venezuela
Cuba
Perù
Haiti
Repubblica Dominicana
Stati Uniti
Canada
Bahamas
Brasile
Argentina
Bolivia
Uruguay
Paraguay
Cile
Kiribati
Isole Salomone
Nuova Zelanda
Mauritania
Saint Lucia
Barbados
 
Statistiche sulle risposte
Risposta % Corretto
Panama
75%
Giamaica
63%
Guatemala
63%
Nicaragua
63%
Belize
50%
El Salvador
50%
Messico
50%
Cuba
38%
Honduras
38%
Repubblica Dominicana
38%
Colombia
25%
Haiti
13%
Venezuela
13%
Ecuador
0%
Perù
0%
Nessun quiz corrispondente trovato
Distribuzione punteggi
Percentuale di utenti per punteggio
Percentile per numero di risposta
I tuoi punteggi nel tempo
Non hai fatto questo quiz